Man's impact on vegetation
Αποθηκεύτηκε σε:
| Άλλοι συγγραφείς: | , , |
|---|---|
| Μορφή: | Βιβλίο |
| Γλώσσα: | English |
| Δημοσίευση: |
Hague : Boston :
1983
|
| Σειρά: | Geobotany ;
; 5 |
| Θέματα: | |
| Ετικέτες: |
Προσθήκη ετικέτας
Δεν υπάρχουν, Καταχωρήστε ετικέτα πρώτοι!
|
MARC
| LEADER | 00000cam a2200000 i 4500 | ||
|---|---|---|---|
| 001 | 1/71049 | ||
| 008 | 950323s1983 eng d | ||
| 020 | |a 90-6193-685-3 | ||
| 035 | |l 10002661 | ||
| 040 | |a GR-MY-UA |b gre |e aacr | ||
| 041 | 0 | |a eng | |
| 082 | 0 | |a 581.5 | |
| 245 | 1 | 0 | |a Man's impact on vegetation / |c Edited by W. Holzner; M. J. A. Werger and I. Ikusima |
| 260 | |a Hague : |a Boston : |c 1983 | ||
| 300 | |a xii, 370 p.; |b ill.; |c 27 cm | ||
| 490 | 1 | |a Geobotany |v ; 5 | |
| 504 | |a Includes bibliographical references and index | ||
| 650 | 0 | 0 | |a Nature |x Effect of human beings on. |
| 650 | 0 | 0 | |a Plant ecology. |
| 700 | 1 | |a Holzner, W. |4 edt | |
| 700 | 1 | |a Werger, M. J. A. |4 edt | |
| 700 | 1 | |a Ikushima, Isao |d 1930- |4 edt | |
| 830 | 0 | |a Geobotany ; |v ; 5 | |
| 852 | |a INST |b LESVOS |e 19950323 |h 581.5 MAN |p 005100002066 |q 005100002066 |t BK |y 0 | ||
| 909 | |a Λ |b 01846 | ||